Dekontaminačný účinok plazmou aktivovanej vody

Salvato in:
Dettagli Bibliografici
Autore principale: Gregová, Mária (Autore)
Altri autori: Mošovská, Silvia (Relatore della tesi)
Natura: Manoscritto Libro
Lingua:slovacco
Pubblicazione: 2020
Soggetti:
Accesso online:http://is.stuba.sk/zp/portal_zp.pl?podrobnosti=150727
Tags: Aggiungi Tag
Nessun Tag, puoi essere il primo ad aggiungerne!!

MARC

LEADER 00000ntm a22000003a 4500
001 stuzp79958
003 SK-STU
005 20200627211024.0
007 ta
008 150427s2015----xo-----f-mn---000-0-slo-d
040 |a STU  |b slo 
041 0 |a slo 
100 1 |a Gregová, Mária  |u 040270  |4 aut  |U FCHPT Ústav potravinárstva a výživy  |T FCHPT Oddelenie výživy a hodnotenia kvality potravín  |X 81638  |U C0270  |Y 686  |7 81638 
242 0 1 |a Decontamination efficacy of cold plasma activated water  |y eng 
245 1 0 |a Dekontaminačný účinok plazmou aktivovanej vody 
260 |c 2020 
650 4 |a PAV  |2 slo 
650 4 |a sójové bôby  |2 slo 
650 4 |a dekontaminácia  |2 slo 
650 4 |a E. coli  |2 slo 
650 4 |a E. coli  |2 eng 
650 4 |a soybeans  |2 eng 
650 4 |a PAV  |2 eng 
650 4 |a decontamination  |2 eng 
700 1 |a Mošovská, Silvia  |u 040270  |k Z2  |4 ths  |U FCHPT Ústav potravinárstva a výživy  |T FCHPT Oddelenie výživy a hodnotenia kvality potravín  |X 25438  |U C0270  |Y 686  |7 A000025438 
856 4 |u http://is.stuba.sk/zp/portal_zp.pl?podrobnosti=150727